1350 1759 1200 1671 1497 1228 1608 1790 1137 1708 1926 1483 1466 1887 1161 1213 1867 1638 1101 1705 1418 1862 1018 1506 1645 1911 1757 1835 1442 1270 1311 1115 1456 1245 1061 1155 1884 1506 1670 1059 1226 1886 1364 1206 1443 1410 1961 1932 1278 1974 1128 1821 1147 1915 1337 1131 1945 1547 1738 1114 1230 1935 1049 1608 1043 1669 1710 1184 1815 1674 1072 1717 1822 1325 1016 1740 1964 1438 1540 1341 1627 1756 1500 1194 1038 1467 1672 1128 1448 1052 1893 1712 1466 1870 1196 1591 1221 1161 1287 BCNSPRNW ULIB Ver.6.0+V

เปลี่ยนเป็นภาษาไทย

Change to English
 แสดงรายละเอียดบรรณานุกรม
  กลับหน้าหลัก

Brief Record : Get Marc (ISO 2709) : E-mail record : QR code < ปิดหน้าต่าง
LEADER : 00000nam 2200000uu 4500
001    13399115044
003     ULIB
008    120705s2541||||th 000 0 tha d
020    ^a9789742463410
060  4 ^aW13^bว579พ 2541
100 0  ^aวิทย์ เที่ยงบูรณธรรม
245 10 ^aพจนานุกรมแพทยศาสตร์ 2 =^bMedical Dictionary 2/^cวิทย์ เที่ยงบูรณธรรม
246 31 ^aMedical Dictionary 2
260    ^aกรุงเทพฯ :^bอักษรพิทยา,^c2541
300    ^a1,289 หน้า
650  7 ^aศัพท์การแพทย์
650  7 ^aแพทย์^xพจนานุกรม
945    ^p995^l0^i13551
945    ^p995^l0^i13550
995    ^aกัณชพร
999    ^aใช้งานได้ทุกระบบ
รายการนี้ยังไม่มีแท็ก
คุณยังไม่ได้ล็อกอิน คุณสามารถมีกิจกรรมร่วมกับเว็บไซต์ได้ แต่ต้องล็อกอินก่อน ::
  ล็อกอิน

รายการสื่อสารสนเทศ

ลำดับที่ ประเภท เลขเรียก/บาร์โค้ด สถานที่ สถานะ
- ไม่พบข้อมูล -

รายการใกล้เคียง
    ผู้แต่ง [วิทย์ เที่ยงบูรณธรรม]

    หัวเรื่อง [ศัพท์การแพทย์]

BibComment


ยังไม่เคยถูกคอมเมนท์

คอมเมนท์ทรัพยากรรายการนี้
  คอมเมนท์: พจนานุกรมแพทยศาส..


 Copyright 2026. Bcnsprnw @Library